00000000nam##2200000za#4500
0019.576654
003CaOODSP
00520210624185235
007cr |||||||||||
008150406|1987||||xxc|||||o    f|0| 0 eng|d
040 |aCaOODSP|beng
043 |an-cn---
0861 |aFs97-13/646E-PDF
1101 |aCanada. |bDepartment of Fisheries and Oceans.
24510|aChemical characteristics of selected rivers in Cumberland and Colchester Counties, Nova Scotia, 1984 / |h[electronic resource]|c[by] D.K. MacPhail, D. Ashfield and G.J. Farmer.
260 |aHalifax - Nova Scotia : |bFisheries and Oceans Canada |c1987.
300 |a26p.|bfigs., references, tables
4901 |aCanadian data report of fisheries and aquatic sciences|vNo. 646
500 |aOn t.p.: Enhancement, Culture and Anadromous Fisheries Division, Biological Sciences, Halifax, Nova Scotia. Catalogue number of the print edition appears in the PDF version.
546 |a(Résumé en français)
590 |a13-18-Supp|b2013-08-01
7201 |aFarmer, G. J.
7201 |aAshfield, D.
7201 |aMacPhail, D. K.
830#0|aCanadian data report of fisheries and aquatic sciences ;|vNo. 646|w(CaOODSP)9.505124
85640|ahttp://publications.gc.ca|qPDF|s356 KB|uhttps://publications.gc.ca/collections/collection_2013/mpo-dfo/Fs97-13-646-eng.pdf|yNo. 646